Fluid mechanics, (Record no. 544315)
[ view plain ]
| 000 -LEADER | |
|---|---|
| fixed length control field | 00594cam a22001691 4500 |
| 082 ## - DEWEY DECIMAL CLASSIFICATION NUMBER | |
| Classification number | 532 |
| Author Mark | COX |
| -- | L-22,P-3 |
| 100 1# - MAIN ENTRY--PERSONAL NAME | |
| Personal name | Cox, Glen Nelson, |
| 9 (RLIN) | 39920 |
| 245 10 - TITLE STATEMENT | |
| Title | Fluid mechanics, |
| Statement of responsibility, etc. | by Glen N. Cox ... and F.J. Germano ... |
| 260 ## - PUBLICATION, DISTRIBUTION, ETC. | |
| Place of publication, distribution, etc. | New York, |
| Name of publisher, distributor, etc. | D. Van Nostrand Company, inc., |
| Date of publication, distribution, etc. | 1941. |
| 300 ## - PHYSICAL DESCRIPTION | |
| Extent | 1 p. l., v-ix, 274 p. incl. illus., tables, diagrs. |
| Dimensions | 24 cm. |
| 526 ## - STUDY PROGRAM INFORMATION NOTE | |
| Program name | 0 |
| Interest level | 0 |
| Reading level | 0 |
| Title point value | 532_000000000000000_COX |
| 650 #0 - SUBJECT ADDED ENTRY--TOPICAL TERM | |
| Topical term or geographic name entry element | Fluid mechanics |
| General subdivision | Problems, exercises, etc. |
| 9 (RLIN) | 3394 |
| 650 #0 - SUBJECT ADDED ENTRY--TOPICAL TERM | |
| Topical term or geographic name entry element | Fluid mechanics. |
| 9 (RLIN) | 1678 |
| 650 #0 - SUBJECT ADDED ENTRY--TOPICAL TERM | |
| Topical term or geographic name entry element | MCE |
| 9 (RLIN) | 379 |
| 700 1# - ADDED ENTRY--PERSONAL NAME | |
| Personal name | Germano, Fiorino J., |
| 9 (RLIN) | 39921 |
| 942 ## - ADDED ENTRY ELEMENTS (KOHA) | |
| Source of classification or shelving scheme | |
| Koha item type | Book |
| Withdrawn status | Lost status | Source of classification or shelving scheme | Damaged status | Not for loan | Permanent Location | Current Location | Date acquired | Total Checkouts | Full call number | Barcode | Date last seen | Price effective from | Koha item type |
|---|---|---|---|---|---|---|---|---|---|---|---|---|---|
| Military College of Engineering (MCE) | Military College of Engineering (MCE) | 04/17/2014 | 532 COX | MCE-29440 | 04/17/2014 | 04/17/2014 | Book |
